Words in Stairway to Heaven - Sudden Death - Statistics

General Stats
  • This quiz has been taken 61 times
  • The average score is 9 of 30
Answers on the Grid
Answers color-coded by a green-red scale on the quiz's grid according to % correct below.
And
Autumn
Brings
Brook
Buying
Clean
Dark
Doors
East
Echo
Everyone
Feeling
Forests
Glitters
Gold
Heaven
Hedgerow
Hell
Her
Humming
Lady
Laughter
Love
Meanings
Old
Paths
Queen
Road
Rock
Sing
Small
Smoke
Songbird
Soul
Spirit
Stores
Talks
Thoughts
Three
Voices
Wall
West
Wind
Wonder
World
 
Answer Stats
Answer % Correct
And
74%
Buying
66%
Glitters
63%
Heaven
63%
Gold
60%
Lady
51%
Wonder
37%
Hedgerow
31%
Rock
31%
Stores
31%
Wind
31%
Brook
26%
Laughter
26%
Paths
26%
Songbird
23%
Thoughts
23%
Echo
20%
Humming
20%
Queen
20%
Road
20%
Spirit
20%
West
20%
Voices
17%
Forests
14%
Smoke
14%
Feeling
11%
Soul
11%
Wall
11%
Clean
9%
Meanings
9%
No matching quizzes found
Score Distribution
Percent of People with Each Score
Percentile by Number Answered
Your Score History
You have not taken this quiz